Starý svedok

Bibliographic Details
Main Author: Svoboda, Fraňo, 1901-1969 (Author)
Other Authors: Kováčik, Andrej, 1889-1953 (Illustrator)
Format: Article
Language:Slovak
PhysicalDescription:Obr.
Subjects:

MARC

LEADER 00000nab a22000001a 4500
001 vtls009168838
003 SK-MaSNL
005 20260304215104.0
008 060901d1937 xo |r|p|||| |000 b|slo
015 |a SNBRRBVU1918-1938 
038 |a SNKBUCL 
038 |a SNKBUVU 
040 |a SNKBUVU  |b slo  |c SNKBUCL  |e AACR2 
041 0 |a slo 
044 |a xo  |c SK 
080 |a 75.071.1  |2 1997 
080 |a 75.05(084.1)  |2 1997 
080 |a 821.162.4  |2 1997 
100 1 |a Svoboda, Fraňo,  |d 1901-1969  |4 aut  |9 37666 
245 1 0 |a Starý svedok  |c Fraňo Svoboda ; [ilustr.] Andrej Kováčik 
300 |b Obr. 
650 0 7 |a ilustrácie  |2 MM  |9 2743 
655 7 |a slovenská rozprávky  |2 snkbucl  |9 1549463 
700 1 |a Kováčik, Andrej,  |d 1889-1953  |4 ill  |9 103145 
773 0 |t Priateľ dietok  |g Roč. 12, č. 1 (1937), s. 11-13 
852 |a SNK  |b KIS3GCP 
910 |a snkrbvumm 
958 |a VY 
958 |a LX 
999 |c 3144722  |d 3146652